000 00269nam a22001217a 4500
008 171017b xxu||||| |||| 00| 0 eng d
041 _aeng
080 _211TH
_a331.101.262
100 _a52
101 _aBNJ
245 _aLABOR RELATIONS
_cFOSSUM,J.A
942 _2udc
_cBK
999 _c34326
_d34326